000 00698cam a22002413a 4500
001 30022
003 PGUSA
005 20140828083640.0
008 090918s2009||||xxu|||||s|||||000 1 eng d
040 _aPGUSA
_beng
042 _adc
050 4 _aPR
100 1 _aMaclaren, Ian,
_d1850-1907
245 1 0 _aGraham of Claverhouse
_h[electronic resource] /
_cIan Maclaren
260 _bProject Gutenberg,
_c2009
506 _aPublic domain in the USA.
516 _aElectronic text
653 _aGraham, John, Viscount Dundee, 1648-1689 -- Fiction
700 1 _aMerrill, Frank T.,
_d1848-
830 0 _aProject Gutenberg
_v30022
856 4 0 _uhttp://www.gutenberg.org/ebooks/30022
942 _cEB
999 _c259277
_d259277